| 000 | 01353nam a2200289 a 4500 | ||
|---|---|---|---|
| 001 | BRCA_6209 | ||
| 005 | 20190320205354.0 | ||
| 008 | 250809s1910----sp-a---###---#000-0#spa-# | ||
| 041 | _aspa | ||
| 044 | _asp | ||
| 050 | 4 |
_aN7101 _b.E97 2 1910 |
|
| 245 | 1 | 0 |
_aExposición retrospectiva de arte, 1908 _borganizada bajo los auspicios del Excmo. Sr. Arzobispo de Zaragoza = L´Exposition Rétrospective d´Art, 1908 : organisée sous les Auspices de S. G. l´Archevéque de Saragosse _cintroducción por Mariano de Pano y Ruata ; prólogo Francisco de Paula Moreno ; texto histórico y crítico por Emile Bertaux. |
| 260 |
_aZaragoza, España _bTip. La Editorial _c1910 |
||
| 300 |
_a358 p. _bil. (algunas a color), 115 láminas _c34 cm. |
||
| 500 | _aEstado físico: encuadernación desprendida del lomo | ||
| 500 | _aEjemplar igual a B296 | ||
| 500 | _aY89 | ||
| 546 | _aTexto en: español y francés | ||
| 650 | 1 | 4 |
_aArte _vExposiciones _zEspaña _92034 |
| 700 | 1 |
_aBertaux, Emile _d1869-1917 _99399 |
|
| 700 | 1 |
_aPano y Ruata, Mariano de _99400 |
|
| 700 | 1 |
_aPaula Moreno, Francisco de _eprol. _915614 |
|
| 710 | 2 |
_aReal Junta del Centenario de los Sitios de 1808-1809 (Zaragoza) _99402 |
|
| 740 | 0 | _aL´Exposition Rétrospective d´Art, 1908 : organisée sous les Auspices de S. G. l´Archevéque de Saragosse | |
| 902 | _aGFM | ||
| 942 |
_2lcc _cB |
||
| 999 |
_c5896 _d5896 |
||